[Event "Hamburg-chT Landesliga 1920"]
[Site "Hamburg"]
[Date "2019.09.29"]
[Round "1.8"]
[White "Grote, Dirk"]
[Black "Geelhoed, Bastiaan"]
[Result "1-0"]
[WhiteElo "2036"]
[BlackElo "1789"]
[PlyCount "89"]
[EventDate "2019.09.29"]
[EventType "team-tourn"]
[EventRounds "9"]
[EventCountry "GER"]
[SourceTitle "EXT 2021"]
[Source "ChessBase"]
[SourceDate "2020.10.23"]
[SourceVersion "1"]
[SourceVersionDate "2020.10.23"]
[SourceQuality "1"]

1. d4 Nf6 2. c4 e6 3. Nf3 Bb4+ 4. Nbd2 b6 5. g3 Bb7 6. Bg2 c5 7. a3 Bxd2+ 8. Qxd2 d6 9. 0-0 cxd4 10. Qxd4 Nc6 11. Qd3 Qc7 12. b4 a5 13. Bd2 0-0 14. Bc3 e5 15. Ng5 h6 16. Ne4 Nxe4 17. Bxe4 Nd8 18. Bb2 Rc8 19. Rac1 Bxe4 20. Qxe4 Ne6 21. f4 exf4 22. gxf4 Qc6 23. Qd3 f5 24. e3 Qe4 25. Qxe4 fxe4 26. Rfd1 Rfd8 27. h4 g6 28. Rd5 axb4 29. axb4 Kf7 30. f5 Nc7 31. fxg6+ Kxg6 32. Rd4 Kh5 33. Rxe4 Rg8+ 34. Kf2 Rcf8+ 35. Rf4 Rxf4+ 36. exf4 Ne6 37. f5 Nf4 38. Ke3 Ng2+ 39. Ke4 Nxh4 40. f6 Rg5 41. Rf1 Rg2 42. f7 Ng6 43. Bg7 b5 44. Rf5+ Kg4 45. Rf6 1-0